LEADER 01281nam--2200421---450- 001 990000426690203316 010 $a88-348-0525-9 035 $a0042669 035 $aUSA010042669 035 $a(ALEPH)000042669USA01 035 $a0042669 100 $a20010504d1976----km-y0itay0103----ba 101 $aita 102 $aIT 105 $a||||||||001yy 200 1 $a<> teoria delle forme di governo nella storia del pensiero politico$eanno accademico 1975-76$fNorberto Bobbio 210 $aTorino$cG. Giappichelli$d1976 215 $a212 p.$d24 cm 225 2 $aCorsi universitari 410 $12001$aCorsi universitari 461 1$1001-------$12001 606 0 $aRegime politico$xTeorie 676 $a320.854 700 1$aBOBBIO,$bNorberto$024662 801 0$aIT$bsalbc$gISBD 912 $a990000426690203316 951 $aAAC 10$b3476 G.$cAAC 951 $aAAC 10$b3477 G.$cAAC 951 $aAAC 10$b3478 G.$cAAC 951 $aAAC 10$b3479 G.$cAAC 951 $aAAC 10$b3480 G.$cAAC 959 $aBK 969 $aGIU 979 $aPATTY$b90$c20010504$lUSA01$h1414 979 $c20020403$lUSA01$h1651 979 $aPATRY$b90$c20040406$lUSA01$h1630 996 $aTeoria delle forme di governo nella storia del pensiero politico$963794 997 $aUNISA LEADER 02056nam 2200529z- 450 001 9910576868703321 005 20220621 010 $a1000137373 035 $a(CKB)5860000000051231 035 $a(oapen)https://directory.doabooks.org/handle/20.500.12854/84335 035 $a(oapen)doab84335 035 $a(EXLCZ)995860000000051231 100 $a20202206d2022 |y 0 101 0 $aeng 135 $aurmn|---annan 181 $ctxt$2rdacontent 182 $cc$2rdamedia 183 $acr$2rdacarrier 200 00$aDesign of Cast Steel Components under Cyclic Loading 210 $aKarlsruhe$cKIT Scientific Publishing$d2022 215 $a1 online resource (296 p.) 225 1 $aBerichte zum Stahl- und Leichtbau 311 08$a3-7315-1126-6 330 $aThis work presents a design approach that links fatigue resistance of cast steel component to permissible defect sizes. It is based on fractures mechanics, is in line with experiences of the last 60 years and validated by extensive experimental as well as numerical investigations on different scales and under consideration of real casting defects. By following established assessment methods, the design concept is adapted to practical building applications. 606 $aCivil engineering, surveying & building$2bicssc 610 $aBruchmechanik 610 $acasting defects 610 $aErmu?dung 610 $aErmu?dungsfestigkeit 610 $aexperimental and numerical investigations 610 $aexperimentelle u numerische Untersuchungen 610 $afatigue 610 $afracture mechanics 610 $aGussfehler 610 $amaterial 610 $aStahlbau 610 $aStahlguss 610 $asteel casting 610 $aSteel construction 610 $aUnga?nzen 610 $aWerkstoff 615 7$aCivil engineering, surveying & building 700 $aNagel$b Sven$4auth$01292399 906 $aBOOK 912 $a9910576868703321 996 $aDesign of Cast Steel Components under Cyclic Loading$93022262 997 $aUNINA